000 00345nam a2200145Ia 4500
003 OSt
008 191201s2018 xx 000 0 und d
082 _a004.678
_bKAE
100 _aKANETKAR, Yashavant
245 0 _a21 Experiments on Internet of Things (IOT)
260 _bBPB
_c2018
300 _a266
650 _aB.Tech(ECE)
942 _2ddc
_cBK
999 _c7079
_d7079